[Event "41st Olympiad Women 2014"]
[Site "Tromso NOR"]
[Date "2014.08.11"]
[Round "9.16"]
[Board "4"]
[White "Olsarova, Tereza"]
[Black "Stolberg-Rohr, Thomine"]
[Result "1-0"]
[WhiteTitle "WIM"]
[BlackTitle "WFM"]
[WhiteElo "2271"]
[BlackElo "1960"]
[WhiteTeam "Czech Republic"]
[BlackTeam "Denmark"]
[WhiteFideId "325449"]
[BlackFideId "1504258"]
[EventDate "2014.08.02"]

1. e4 e5 2. Nf3 Nc6 3. Bb5 a6 4. Ba4 Nf6 5. O-O Be7 6. Re1 b5 7. Bb3 O-O 8. c3
d5 9. d4 exd4 10. e5 Ne4 11. cxd4 Bg4 12. Be3 Na5 13. Bc2 Nc4 14. Bc1 Bg5 15.
Bxe4 Bxc1 16. Bxh7+ Kxh7 17. Qxc1 Bxf3 18. gxf3 Rh8 19. b3 Nb6 20. Qe3 Kg8 21.
f4 Qd7 22. Kg2 Nc8 23. e6 Qxe6 24. Qxe6 fxe6 25. Rxe6 Rh6 26. Re5 c6 27. Nd2 Nd6
28. Rae1 Rf8 29. Re6 Rxf4 30. Rxh6 gxh6 31. Re6 Rg4+ 32. Kf3 Rxd4 33. Ke2 Nf5
34. Rxc6 Rh4 35. Rxa6 Rxh2 36. Rf6 Rh5 37. Nf3 Kg7 38. Rb6 d4 39. Kd2 Rh3 40.
Ne5 Rh2 41. Ke2 h5 42. Rxb5 d3+ 43. Kxd3 Rxf2 44. a4 h4 45. Rb7+ Kg8 46. Ng4 Ra2
47. Nf6+ Kf8 48. Rh7 Rg2 49. a5 Ra2 50. b4 h3 51. Kc4 Ne3+ 52. Kb3 Ra1 53. Rxh3
Nf5 54. Nd5 Nd6 55. Kb2 Ra4 56. Rh4 Nb5 57. Nb6 1-0

[Event "41st Olympiad Women 2014"]
[Site "Tromso NOR"]
[Date "2014.08.11"]
[Round "9.17"]
[Board "1"]
[White "Tan, Li Ting"]
[Black "Seps, Monika"]
[Result "0-1"]
[WhiteTitle "WCM"]
[BlackTitle "WIM"]
[WhiteElo "1945"]
[BlackElo "2236"]
[WhiteTeam "Malaysia"]
[BlackTeam "Switzerland"]
[WhiteFideId "5704820"]
[BlackFideId "1308521"]
[EventDate "2014.08.02"]

1. d4 Nf6 2. c4 g6 3. Nc3 Bg7 4. e4 d6 5. Nf3 O-O 6. h3 Na6 7. Bg5 Qe8 8. Be2 e5
9. d5 Nh5 10. Qd2 Nf4 11. g3 Nxe2 12. Qxe2 f5 13. Bd2 Nc5 14. Rc1 a5 15. b3 Bd7
16. Rh2 b5 17. Nxb5 Bxb5 18. cxb5 fxe4 19. Ng5 Nd3+ 20. Kd1 Nxc1 21. Bxc1 a4 22.
Qc4 axb3 23. Qxb3 Ra5 24. a4 Qa8 25. Nxe4 Rxa4 26. Nc3 Rd4+ 27. Ke2 e4 28. Qb1
Re8 0-1

[Event "41st Olympiad Women 2014"]
[Site "Tromso NOR"]
[Date "2014.08.11"]
[Round "9.17"]
[Board "2"]
[White "Heinatz, Gundula"]
[Black "Azman Hisham, Nur Nabila"]
[Result "1-0"]
[WhiteTitle "WIM"]
[BlackTitle "WCM"]
[WhiteElo "2169"]
[BlackElo "1916"]
[WhiteTeam "Switzerland"]
[BlackTeam "Malaysia"]
[WhiteFideId "4612434"]
[BlackFideId "5702135"]
[EventDate "2014.08.02"]

1. d4 c5 2. c3 Nf6 3. Nf3 cxd4 4. cxd4 g6 5. Nc3 Bg7 6. e4 d6 7. h3 O-O 8. Be2
Nc6 9. O-O Qb6 10. a3 Bd7 11. Be3 Qd8 12. Qd2 Na5 13. Rad1 Rc8 14. e5 Ne8 15.
Bf4 Bf5 16. Bd3 Bxd3 17. Qxd3 Nc4 18. Qe2 d5 19. Bc1 e6 20. h4 a6 21. h5 b5 22.
Rd3 Rc7 23. Nh2 Qd7 24. Re1 a5 25. Qg4 b4 26. axb4 axb4 27. Ne2 Bxe5 28. dxe5
Nxe5 29. Qg3 Nxd3 30. Qxd3 e5 31. Ng3 Qd6 32. Ng4 Ng7 33. Ne4 Qe6 34. Nef6+ Kh8
35. Bh6 e4 36. Bxg7+ Kxg7 37. Qd4 Qxg4 38. Nxg4+ f6 39. h6+ Kh8 40. Nxf6 1-0

[Event "41st Olympiad Women 2014"]
[Site "Tromso NOR"]
[Date "2014.08.11"]
[Round "9.17"]
[Board "3"]
[White "Azman Hisham, Nur Najiha"]
[Black "De Seroux, Camille"]
[Result "1-0"]
[WhiteTitle "WFM"]
[BlackTitle "WFM"]
[WhiteElo "1886"]
[BlackElo "2129"]
[WhiteTeam "Malaysia"]
[BlackTeam "Switzerland"]
[WhiteFideId "5704685"]
[BlackFideId "1305620"]
[EventDate "2014.08.02"]

1. d4 Nf6 2. c4 g6 3. Nc3 Bg7 4. e4 d6 5. Nf3 O-O 6. Be2 c5 7. d5 e6 8. dxe6
Bxe6 9. Bf4 Qb6 10. Qb3 Qc6 11. Ng5 h6 12. Nxe6 fxe6 13. Bf3 e5 14. Be3 a6 15.
Nd5 Nxd5 16. exd5 Qc7 17. Be4 Qf7 18. h4 b5 19. Rh3 Nd7 20. Rg3 Qe7 21. Qc2 bxc4
22. Rxg6 Qxh4 23. g3 Qe7 24. Bxh6 Rf7 25. O-O-O Nf8 26. Rg4 Qf6 27. Rh1 Raa7 28.
f3 Rab7 29. Bg5 c3 30. b3 Ne6 31. Bxf6 Nd4 32. Qh2 1-0

[Event "41st Olympiad Women 2014"]
[Site "Tromso NOR"]
[Date "2014.08.11"]
[Round "9.17"]
[Board "4"]
[White "Stoeri, Laura"]
[Black "Azhar, Puteri Rifqah Fahada"]
[Result "1-0"]
[WhiteTitle "WFM"]
[WhiteElo "2123"]
[BlackElo "1860"]
[WhiteTeam "Switzerland"]
[BlackTeam "Malaysia"]
[WhiteFideId "1304313"]
[BlackFideId "5702879"]
[EventDate "2014.08.02"]

1. e4 g6 2. f4 Bg7 3. Nf3 d6 4. Bc4 Nf6 5. d3 O-O 6. Nc3 c6 7. O-O b5 8. Bb3
Qb6+ 9. Kh1 Bb7 10. Qe1 Nbd7 11. e5 dxe5 12. fxe5 Nd5 13. Nxd5 cxd5 14. d4 h6
15. c3 Kh7 16. Bc2 f6 17. e6 Nb8 18. Nh4 f5 19. Nxg6 Nc6 20. Nxf8+ Rxf8 21. Rxf5
Kg8 22. Rxf8+ Kxf8 23. Qf2+ Bf6 24. Bg6 Kg7 25. Qf5 Nd8 26. Bxh6+ Kxh6 27. Qh5+
Kg7 28. Qh7+ Kf8 29. Bf7 1-0

[Event "41st Olympiad Women 2014"]
[Site "Tromso NOR"]
[Date "2014.08.11"]
[Round "9.18"]
[Board "1"]
[White "Mamedjarova, Zeinab"]
[Black "Feliciano Ebert, Vanessa"]
[Result "1-0"]
[WhiteTitle "WGM"]
[BlackTitle "WIM"]
[WhiteElo "2229"]
[BlackElo "2226"]
[WhiteTeam "Azerbaijan"]
[BlackTeam "Brazil"]
[WhiteFideId "13401521"]
[BlackFideId "2114160"]
[EventDate "2014.08.02"]

1. d4 Nf6 2. Nf3 e6 3. e3 d5 4. Bd3 c5 5. b3 Nc6 6. Bb2 cxd4 7. exd4 Bd6 8. Nbd2
O-O 9. O-O Qc7 10. c4 Re8 11. Re1 b6 12. cxd5 Nxd5 13. Rc1 Bb7 14. Ne5 Rac8 15.
Ndf3 f6 16. Nxc6 Bxc6 17. Ba6 Rcd8 18. Bb5 Rc8 19. Bxc6 1-0

[Event "41st Olympiad Women 2014"]
[Site "Tromso NOR"]
[Date "2014.08.11"]
[Round "9.18"]
[Board "2"]
[White "Terao, Juliana Sayumi"]
[Black "Mammadova, Gulnar"]
[Result "1/2-1/2"]
[WhiteTitle "WIM"]
[BlackTitle "WGM"]
[WhiteElo "2222"]
[BlackElo "2334"]
[WhiteTeam "Brazil"]
[BlackTeam "Azerbaijan"]
[WhiteFideId "2109220"]
[BlackFideId "13403508"]
[EventDate "2014.08.02"]

1. e4 e6 2. d4 d5 3. Nd2 Nc6 4. Ngf3 Nf6 5. e5 Nd7 6. Nb3 a5 7. a4 b6 8. c3 Be7
9. h4 Ba6 10. Bxa6 Rxa6 11. h5 Ra8 12. Rh3 f6 13. h6 g6 14. exf6 Bxf6 15. Qe2
Qe7 16. Bf4 Rc8 17. Kf1 O-O 18. Bh2 e5 19. dxe5 Ncxe5 20. Nxe5 Bxe5 21. Re1 Rce8
22. Qd2 c6 23. Nd4 Qf6 24. Rf3 Qh4 25. Rh3 Qg4 26. Rhe3 Bf4 27. Bxf4 Qxf4 28.
Nf3 Rxe3 29. Qxe3 Nc5 30. Qxf4 Rxf4 31. Re8+ Rf8 32. Re7 Rf7 33. Re8+ Rf8 1/2-1/2

[Event "41st Olympiad Women 2014"]
[Site "Tromso NOR"]
[Date "2014.08.11"]
[Round "9.18"]
[Board "3"]
[White "Abdulla, Khayala"]
[Black "Ribeiro, Regina"]
[Result "1-0"]
[WhiteTitle "WIM"]
[BlackTitle "WIM"]
[WhiteElo "2286"]
[BlackElo "2000"]
[WhiteTeam "Azerbaijan"]
[BlackTeam "Brazil"]
[WhiteFideId "13401807"]
[BlackFideId "2100681"]
[EventDate "2014.08.02"]

1. e4 e6 2. d4 d5 3. e5 Bd7 4. c3 a6 5. Bd3 Bb5 6. Bc2 c5 7. a4 Bd7 8. Ne2 Nc6
9. O-O Nh6 10. Bf4 g5 11. Be3 cxd4 12. cxd4 Nb4 13. Bb3 Nf5 14. Ng3 Be7 15. Nc3
Ng7 16. Nh5 O-O 17. Nxg7 Kxg7 18. f4 f5 19. exf6+ Bxf6 20. fxg5 Bxg5 21. Qg4
Rxf1+ 22. Rxf1 Kh6 23. Qh4+ Kg6 24. Qg3 Kh6 25. Rf4 Be8 26. Rh4+ 1-0

[Event "41st Olympiad Women 2014"]
[Site "Tromso NOR"]
[Date "2014.08.11"]
[Round "9.18"]
[Board "4"]
[White "Chang, Suzana"]
[Black "Mamedjarova, Turkan"]
[Result "0-1"]
[WhiteTitle "WFM"]
[BlackTitle "WGM"]
[WhiteElo "1991"]
[BlackElo "2274"]
[WhiteTeam "Brazil"]
[BlackTeam "Azerbaijan"]
[WhiteFideId "2105985"]
[BlackFideId "13402005"]
[EventDate "2014.08.02"]

1. c4 c6 2. d4 d5 3. cxd5 cxd5 4. Nc3 Nf6 5. Nf3 e6 6. Bg5 Be7 7. e3 O-O 8. Bd3
Nc6 9. Rc1 h6 10. Bh4 b6 11. O-O Bb7 12. Bb1 Rc8 13. a3 Nd7 14. Bxe7 Qxe7 15.
Ne1 f5 16. Nd3 Na5 17. Ba2 a6 18. f4 Nc4 19. Qe2 Qd6 20. a4 Rc7 21. b3 Na5 22.
Qb2 Rfc8 23. Ne2 Nc6 24. b4 Nf6 25. h3 Ne4 26. Rc2 Ne7 27. Rfc1 Bc6 28. Bb3 Be8
29. Nc3 Kh7 30. Nd1 Nc6 31. Ba2 Bh5 32. N1f2 Ne7 33. Bb1 Be8 34. a5 bxa5 35.
bxa5 Rxc2 36. Rxc2 Rxc2 37. Bxc2 Qc7 38. Qb4 Nxf2 39. Nxf2 Bb5 40. Qd2 Nc6 41.
g4 g6 42. gxf5 gxf5 43. Ng4 Qxa5 44. Qf2 Qd8 45. Qd2 a5 46. Ne5 Nxe5 47. dxe5
Qc8 48. Qxa5 Qc4 49. Qd2 Qf1+ 50. Kh2 Be2 0-1

[Event "41st Olympiad Women 2014"]
[Site "Tromso NOR"]
[Date "2014.08.11"]
[Round "9.20"]
[Board "1"]
[White "Botsari, Anna-Maria"]
[Black "Sanchez Castillo, Sarai Carolina"]
[Result "1-0"]
[WhiteTitle "WGM"]
[BlackTitle "IM"]
[WhiteElo "2299"]
[BlackElo "2207"]
[WhiteTeam "Greece"]
[BlackTeam "Venezuela"]
[WhiteFideId "4200446"]
[BlackFideId "3900754"]
[EventDate "2014.08.02"]

1. d4 d5 2. c4 c6 3. Nf3 Nf6 4. Nc3 g6 5. e3 Bg7 6. Bd3 O-O 7. O-O dxc4 8. Bxc4
b5 9. Bd3 a6 10. Qc2 Bb7 11. Rd1 Nd5 12. a3 Nxc3 13. Qxc3 Nd7 14. b4 Rc8 15. Be4
Qc7 16. a4 c5 17. Bxb7 Qxb7 18. bxc5 Rxc5 19. Qb3 Rf5 20. Ba3 Re8 21. Rab1 Qe4
22. axb5 Rxb5 23. Qa2 e6 24. Nd2 Qd3 25. Nf1 Qc3 26. Bd6 Qc6 27. Qa3 Bf8 28.
Bxf8 Rxf8 29. Rdc1 Qb7 30. Rxb5 Qxb5 31. Rc7 Nb8 32. h3 Qb6 33. Qc3 a5 34. Rc5
a4 35. Ra5 Nc6 36. Rxa4 Ne7 37. Qb4 Qc6 38. Qc4 Qe4 39. Nd2 Qb7 40. Qb4 Rb8 41.
Qxb7 Rxb7 42. g4 Nd5 43. g5 Kg7 44. Ne4 Re7 45. Ra5 h6 46. h4 hxg5 47. hxg5 Rc7
48. Kg2 Re7 49. Kf3 Rd7 50. Ra8 Re7 51. Rd8 Ra7 52. Nd6 f5 53. gxf6+ Kxf6 54.
Nc4 Rh7 55. Ne5 Ne7 56. Rd7 Rh3+ 57. Ke4 Rh4+ 58. f4 g5 59. Rxe7 Kxe7 60. Ng6+ 1-0

[Event "41st Olympiad Women 2014"]
[Site "Tromso NOR"]
[Date "2014.08.11"]
[Round "9.20"]
[Board "2"]
[White "Rovira Contreras, Tairu Manuela"]
[Black "Tsolakidou, Stavroula"]
[Result "0-1"]
[WhiteTitle "WIM"]
[BlackTitle "WFM"]
[WhiteElo "2076"]
[BlackElo "2240"]
[WhiteTeam "Venezuela"]
[BlackTeam "Greece"]
[WhiteFideId "3900533"]
[BlackFideId "4264312"]
[EventDate "2014.08.02"]

1. d4 Nf6 2. c4 e6 3. g3 c5 4. d5 exd5 5. cxd5 b5 6. Bg2 d6 7. Nf3 g6 8. O-O Bg7
9. a4 b4 10. Re1 O-O 11. a5 Re8 12. Nfd2 Ba6 13. e4 Nbd7 14. Bf1 Bxf1 15. Kxf1
Ne5 16. Qc2 Qc8 17. Kg2 c4 18. f3 b3 19. Qd1 Nd3 20. Rg1 Nd7 21. Ra4 N7e5 22.
Nc3 Qc5 23. Rf1 Nb4 24. Ndb1 Ned3 25. Qd2 Nc2 26. Kh1 Bd4 27. Nd1 Rac8 28. Nbc3
f5 29. exf5 Ne3 30. Ne4 Nxf1 31. Qh6 Rxe4 32. fxe4 Bg7 33. Qh3 Nxc1 34. fxg6
hxg6 35. Qe6+ Kf8 36. Qxg6 Rc7 37. Qg5 Nd3 38. Kg2 Nd2 39. Ne3 Nxe4 40. Qf5+ Nf6
41. Rxc4 Ne1+ 42. Kf2 Qxa5 43. Rxc7 Qxc7 44. Kxe1 Qc1+ 45. Nd1 Qc2 46. Qh3 Ne4
47. Qf5+ Bf6 48. Qh5 Bxb2 49. Qh6+ Bg7 50. Qf4+ Kg8 0-1

[Event "41st Olympiad Women 2014"]
[Site "Tromso NOR"]
[Date "2014.08.11"]
[Round "9.20"]
[Board "3"]
[White "Pavlidou, Ekaterini"]
[Black "Gutierrez Salazar, Leonela"]
[Result "1-0"]
[WhiteTitle "WIM"]
[BlackTitle "WFM"]
[WhiteElo "2170"]
[BlackElo "2096"]
[WhiteTeam "Greece"]
[BlackTeam "Venezuela"]
[WhiteFideId "4213262"]
[BlackFideId "3900401"]
[EventDate "2014.08.02"]

1. d4 Nf6 2. c4 g6 3. Nc3 Bg7 4. e4 d6 5. Nf3 O-O 6. Be2 e5 7. Be3 Nbd7 8. d5
Nc5 9. Nd2 a5 10. O-O Bd7 11. Rb1 Ne8 12. b3 f5 13. f3 f4 14. Bf2 g5 15. a3 h5
16. b4 axb4 17. axb4 Na6 18. c5 Rf7 19. c6 bxc6 20. dxc6 Be6 21. Bc4 Bxc4 22.
Nxc4 Nb8 23. b5 Qf6 24. Nd5 Qe6 25. Qd3 g4 26. Ra1 Rxa1 27. Rxa1 Bf8 28. Ra8 g3
29. hxg3 fxg3 30. Be1 Qc8 31. Nce3 h4 32. Nf5 Qd8 33. Qe3 Rh7 34. Bd2 Kf7 35.
Qa7 Nxc6 36. bxc6 1-0

[Event "41st Olympiad Women 2014"]
[Site "Tromso NOR"]
[Date "2014.08.11"]
[Round "9.20"]
[Board "4"]
[White "Montilla, Jorcerys"]
[Black "Makropoulou, Marina"]
[Result "0-1"]
[WhiteTitle "WIM"]
[BlackTitle "WGM"]
[WhiteElo "2118"]
[BlackElo "2218"]
[WhiteTeam "Venezuela"]
[BlackTeam "Greece"]
[WhiteFideId "3900517"]
[BlackFideId "4200187"]
[EventDate "2014.08.02"]

1. d4 Nf6 2. c4 e6 3. Nf3 Bb4+ 4. Bd2 a5 5. a3 Be7 6. Nc3 d5 7. e3 b6 8. cxd5
exd5 9. Be2 O-O 10. O-O c5 11. Ne5 Bb7 12. Bf3 Nbd7 13. Qb3 Nxe5 14. dxe5 Ne4
15. Rfd1 c4 16. Qc2 Nc5 17. e4 d4 18. Nd5 b5 19. b4 d3 20. Qb2 Nxe4 21. Nxe7+
Qxe7 22. Be3 c3 23. Qb3 a4 24. Qa2 Rfd8 25. Rac1 Qxe5 26. Bb6 Rd7 27. Qa1 Rc8
28. Bc5 d2 29. Rc2 Nxc5 30. Rxc3 Bxf3 31. gxf3 h6 32. bxc5 Rxc5 33. Rxc5 Qxc5
34. Qb2 Rd6 0-1

[Event "41st Olympiad Women 2014"]
[Site "Tromso NOR"]
[Date "2014.08.11"]
[Round "9.21"]
[Board "1"]
[White "Houska, Jovanka"]
[Black "Cramling, Pia"]
[Result "0-1"]
[WhiteTitle "IM"]
[BlackTitle "GM"]
[WhiteElo "2401"]
[BlackElo "2500"]
[WhiteTeam "England"]
[BlackTeam "Sweden"]
[WhiteFideId "405094"]
[BlackFideId "1700030"]
[EventDate "2014.08.02"]

1. d4 Nf6 2. Nf3 e6 3. c4 Bb4+ 4. Bd2 a5 5. e3 b6 6. Bd3 Bb7 7. O-O O-O 8. Bc1
d5 9. a3 Be7 10. Nc3 Nbd7 11. b3 Ne4 12. Bb2 f5 13. Ne2 Bd6 14. Ne5 Bxe5 15.
dxe5 Ndc5 16. Nf4 Nxd3 17. Qxd3 Nc5 18. Qc2 dxc4 19. bxc4 Be4 20. Qe2 Qe8 21. f3
Bb7 22. Bd4 Nb3 23. Rad1 Qc6 24. Rd3 a4 25. Qc2 Rad8 26. Rfd1 Ba6 27. Rc3 Rf7
28. c5 b5 29. Rxb3 axb3 30. Qxb3 Re7 31. h4 Bc8 32. Nd3 Qb7 33. Nf4 Qa6 34. Rb1
Bd7 35. Rc1 Bc6 36. Rd1 Ree8 37. Rb1 Kf7 38. Qd3 Kg8 39. Kf2 Ra8 40. Rb3 Qa4 41.
Qb1 Qa6 42. Rd3 Qc8 43. Qh1 Ra4 44. Rb3 Qd7 45. Rd3 Qe7 46. Kg3 Rea8 47. Qc1 Kf7
48. Ne2 Qd8 49. Rb3 Bd5 50. Rxb5 Bc4 51. Nc3 Bxb5 52. Nxb5 Qb8 53. Qf1 R8a5 54.
Nc3 Rxa3 55. c6 Qa8 56. Qc4 Qa6 57. Qb4 Qxc6 58. h5 Ra8 59. Kh3 Qd7 60. Qc4 R3a5
61. g4 c5 62. gxf5 cxd4 63. exd4 Rc8 64. Qb4 Rxc3 0-1

[Event "41st Olympiad Women 2014"]
[Site "Tromso NOR"]
[Date "2014.08.11"]
[Round "9.21"]
[Board "2"]
[White "Frisk, Ellinor"]
[Black "Maroroa, Sue"]
[Result "1-0"]
[WhiteTitle "WFM"]
[BlackTitle "WIM"]
[WhiteElo "2257"]
[BlackElo "2120"]
[WhiteTeam "Sweden"]
[BlackTeam "England"]
[WhiteFideId "1708481"]
[BlackFideId "4301498"]
[EventDate "2014.08.02"]

1. Nf3 Nf6 2. c4 g6 3. Nc3 Bg7 4. g3 O-O 5. Bg2 d6 6. O-O Nc6 7. Rb1 a5 8. a3 e5
9. d3 h6 10. b4 axb4 11. axb4 Be6 12. b5 Ne7 13. Qb3 Nd7 14. Ba3 f5 15. Nd2 Rb8
16. Nd5 f4 17. b6 c5 18. Nxe7+ Qxe7 19. Bb2 fxg3 20. hxg3 Nf6 21. Ne4 Ng4 22.
Ra1 Bf5 23. Ra7 h5 24. Bc1 Bh6 25. Bxh6 Nxh6 26. Qb2 Ng4 27. Qd2 Bxe4 28. Bxe4
Kg7 29. Bf3 Nh6 30. Kg2 Nf5 31. Rh1 Rh8 32. Be4 Nh6 33. Bd5 Ng4 34. Bf3 Nh6 35.
Qe3 Nf5 36. Qe4 Nd4 37. Rxb7 Rxb7 38. Qxb7 Qxb7 39. Bxb7 Rb8 40. Ra1 Rxb7 41.
Ra7 Rf7 42. Rc7 Kf6 43. e3 Nc6 44. Rxc6 Ke6 45. f4 exf4 46. exf4 Rb7 47. Kh3 Rb8
48. Kh4 Kd7 49. Rc7+ Kd8 50. Rg7 Rxb6 51. Rxg6 Ke7 52. f5 Rb3 53. Re6+ Kd7 54.
Re3 d5 55. f6 d4 56. Rf3 Ke8 57. f7+ Kf8 58. Kxh5 Rb1 59. g4 Rh1+ 60. Kg6 Rg1
61. g5 Rg2 62. Rh3 Ke7 63. Rh8 1-0

[Event "41st Olympiad Women 2014"]
[Site "Tromso NOR"]
[Date "2014.08.11"]
[Round "9.21"]
[Board "3"]
[White "Kalaiyalahan, Akshaya"]
[Black "Bengtsson, Jessica"]
[Result "1-0"]
[WhiteElo "2016"]
[BlackElo "1933"]
[WhiteTeam "England"]
[BlackTeam "Sweden"]
[WhiteFideId "422894"]
[BlackFideId "1711083"]
[EventDate "2014.08.02"]

1. d4 d5 2. Nf3 Nf6 3. c4 e6 4. g3 Be7 5. Bg2 O-O 6. O-O dxc4 7. Qc2 a6 8. Qxc4
b5 9. Qc2 Bb7 10. Bd2 Be4 11. Qc1 Nc6 12. e3 b4 13. Qd1 Qd5 14. Bc1 Qb5 15. Nbd2
Bd3 16. Re1 Rad8 17. a4 bxa3 18. bxa3 Nd5 19. Qb3 Rb8 20. Qxb5 Rxb5 21. e4 Bf6
22. exd5 Nxd4 23. Nxd4 Bxd4 24. Ra2 exd5 25. a4 Rbb8 26. Bxd5 Rfe8 27. Rxe8+
Rxe8 28. Nf3 Bb6 29. Rd2 Bf5 30. Bc6 Rb8 31. Kg2 h5 32. Re2 Be6 33. Ng5 Bb3 34.
Re8+ Rxe8 35. Bxe8 Kf8 36. Bc6 Ke7 37. Ba3+ Kf6 38. f4 1-0

[Event "41st Olympiad Women 2014"]
[Site "Tromso NOR"]
[Date "2014.08.11"]
[Round "9.21"]
[Board "4"]
[White "Horn, Emilia"]
[Black "James, Ann-Marie"]
[Result "0-1"]
[WhiteTitle "WFM"]
[BlackTitle "WFM"]
[WhiteElo "2000"]
[BlackElo "2095"]
[WhiteTeam "Sweden"]
[BlackTeam "England"]
[WhiteFideId "1705385"]
[BlackFideId "403644"]
[EventDate "2014.08.02"]

1. e4 e5 2. d4 exd4 3. Qxd4 Nc6 4. Qa4 Nf6 5. Nf3 d6 6. Bb5 Bd7 7. Nc3 Be7 8.
Bg5 O-O 9. O-O-O a6 10. Bxc6 Bxc6 11. Qc4 Ng4 12. Bxe7 Qxe7 13. Rhf1 Bb5 14. Nd5
Qe6 15. Qd4 Bxf1 16. Rxf1 c6 17. Nf4 Qxa2 18. Nd2 Qa5 19. Ne2 Qe5 20. Qd3 Rfe8
21. f4 Qc5 22. Nc3 b5 23. Qf3 Nxh2 24. Nb3 Qc4 25. Nd2 Qe6 26. f5 Qe5 27. Qf4
Nxf1 28. Qxf1 d5 29. Kb1 b4 30. Ne2 a5 31. g4 a4 32. Nf4 dxe4 33. Nc4 Qd4 34. g5
e3 35. g6 e2 36. gxh7+ Kxh7 37. Nxe2 Qxc4 38. Qh1+ Kg8 39. Ng3 b3 40. f6 bxc2+
41. Kc1 Qf4+ 42. Kxc2 Qxg3 43. fxg7 Re2+ 0-1

[Event "41st Olympiad Women 2014"]
[Site "Tromso NOR"]
[Date "2014.08.11"]
[Round "9.22"]
[Board "1"]
[White "Petrenko, Svetlana"]
[Black "Peng, Zhaoqin"]
[Result "0-1"]
[WhiteTitle "IM"]
[BlackTitle "GM"]
[WhiteElo "2205"]
[BlackElo "2391"]
[WhiteTeam "Moldova"]
[BlackTeam "Netherlands"]
[WhiteFideId "13900196"]
[BlackFideId "1004786"]
[EventDate "2014.08.02"]

1. e4 e6 2. Qe2 c5 3. f4 Nc6 4. c3 Nge7 5. Nf3 d5 6. d3 g6 7. g3 b6 8. Bg2 Ba6
9. e5 Nf5 10. O-O h5 11. Rd1 Be7 12. Nbd2 Qc7 13. a4 Bb7 14. b3 d4 15. cxd4
Ncxd4 16. Nxd4 Nxd4 17. Qf2 O-O 18. Bb2 Bxg2 19. Kxg2 Qb7+ 20. Kg1 Rad8 21. Bxd4
Rxd4 22. Qf3 Qd7 23. Nc4 Rd8 24. Kf1 Qc7 25. Ke2 a6 26. g4 hxg4 27. Qxg4 b5 28.
axb5 axb5 29. Nb2 Qxe5+ 30. fxe5 Rxg4 31. Kf3 Rh4 32. Kg2 Rb4 33. Ra3 Rd5 0-1

[Event "41st Olympiad Women 2014"]
[Site "Tromso NOR"]
[Date "2014.08.11"]
[Round "9.22"]
[Board "2"]
[White "Haast, Anne"]
[Black "Partac, Elena"]
[Result "1-0"]
[WhiteTitle "WIM"]
[BlackTitle "WGM"]
[WhiteElo "2324"]
[BlackElo "2127"]
[WhiteTeam "Netherlands"]
[BlackTeam "Moldova"]
[WhiteFideId "1017292"]
[BlackFideId "13901001"]
[EventDate "2014.08.02"]

1. e4 c5 2. Nf3 e6 3. d4 cxd4 4. Nxd4 Nf6 5. Nc3 Nc6 6. Ndb5 Bb4 7. a3 Bxc3+ 8.
Nxc3 d5 9. exd5 exd5 10. Bd3 O-O 11. O-O d4 12. Ne2 Bg4 13. f3 Bh5 14. Bg5 Bg6
15. Qd2 Qd6 16. Rad1 Rad8 17. Bh4 Rd7 18. Bg3 Qd5 19. Nf4 Qc5 20. b4 Qb6 21.
Nxg6 hxg6 22. Rfe1 Rc8 23. Bf2 Qc7 24. Re2 Nh5 25. Rde1 Rf8 26. Re8 Rd8 27.
Rxf8+ Kxf8 28. Qg5 Qf4 29. Qc5+ Qd6 30. Qxd6+ Rxd6 31. b5 Nd8 32. Rd1 Ne6 33.
Bc4 Nhf4 34. Kf1 Nd5 35. Rd3 Ndf4 36. Rd2 Ke7 37. Bg3 Rd7 38. a4 Nd5 39. Bxd5
Rxd5 40. Ke2 Rc5 41. Bb8 Rc4 42. a5 Ra4 43. Bxa7 Rxa5 44. Bxd4 Nxd4+ 45. Rxd4
Rxb5 46. Kd3 Rb1 47. Kc4 Rb2 48. Rd2 Rb6 49. Kc5 Rb2 50. Kd4 g5 51. Kd3 Rb6 52.
Re2+ Kf6 53. c4 Rd6+ 54. Kc3 Rb6 55. Kd4 Rd6+ 56. Kc5 Rc6+ 57. Kb5 Rd6 58. c5
Rd1 59. Rb2 Ke6 60. Kb6 Rd7 61. Re2+ Kf5 62. Re4 Kf6 63. g4 Rd5 64. Re8 Rd7 65.
Rb8 Rd3 66. Kxb7 Rxf3 67. c6 Rb3+ 68. Kc8 Rc3 69. c7 Rc2 70. Rb5 Rxh2 71. Kb7
Rc2 72. c8=Q Rxc8 73. Kxc8 Ke6 74. Rxg5 1-0

[Event "41st Olympiad Women 2014"]
[Site "Tromso NOR"]
[Date "2014.08.11"]
[Round "9.22"]
[Board "3"]
[White "Hincu, Olga"]
[Black "Schut, Lisa"]
[Result "0-1"]
[BlackTitle "WIM"]
[WhiteElo "2027"]
[BlackElo "2317"]
[WhiteTeam "Moldova"]
[BlackTeam "Netherlands"]
[WhiteFideId "13904108"]
[BlackFideId "1019481"]
[EventDate "2014.08.02"]

1. d4 Nf6 2. Nf3 g6 3. Nbd2 d5 4. e3 c5 5. dxc5 Bg7 6. c4 O-O 7. cxd5 Qxd5 8.
Bc4 Qxc5 9. a3 Rd8 10. Qc2 Qh5 11. O-O Nc6 12. b4 Ng4 13. Bb2 Bf5 14. e4 Bxb2
15. Qxb2 Rxd2 16. Qxd2 Bxe4 17. Qf4 Bxf3 18. gxf3 Nge5 19. Bd5 Rd8 20. Bxc6 bxc6
21. Rad1 Nxf3+ 22. Kh1 Rd5 23. Rc1 Rd4 0-1

[Event "41st Olympiad Women 2014"]
[Site "Tromso NOR"]
[Date "2014.08.11"]
[Round "9.22"]
[Board "4"]
[White "Lanchava, Tea"]
[Black "Gitu, Paula-Alexandra"]
[Result "1-0"]
[WhiteTitle "IM"]
[WhiteElo "2276"]
[BlackElo "1815"]
[WhiteTeam "Netherlands"]
[BlackTeam "Moldova"]
[WhiteFideId "1005308"]
[BlackFideId "13904620"]
[EventDate "2014.08.02"]

1. Nf3 d5 2. g3 Nf6 3. Bg2 c5 4. O-O Nc6 5. e3 Bg4 6. d3 e6 7. b3 g6 8. Bb2 Bg7
9. Nbd2 O-O 10. h3 Bxf3 11. Nxf3 Re8 12. Qe2 e5 13. Rfd1 d4 14. e4 Nd7 15. Nd2
Qc7 16. Rf1 b5 17. a4 a6 18. f4 f6 19. h4 exf4 20. gxf4 Rac8 21. Rf2 Bh6 22. Qf3
Nf8 23. Nf1 Qf7 24. Bh3 Rc7 25. Ng3 Ne6 26. Bc1 Ng7 27. Kh1 Kh8 28. Rg2 Ne7 29.
Bd2 f5 30. Ne2 Rf8 31. axb5 axb5 32. b4 Ne6 33. e5 c4 34. Ra6 c3 35. Be1 Rd8 36.
Bf2 Rcc8 37. Rg1 Rc7 38. Bg2 Rcc8 39. Rga1 Bg7 40. Rb6 Rb8 41. Rxb8 Rxb8 42.
Nxd4 Nc7 43. Ra7 Ned5 44. Nc6 Rc8 45. Bc5 Qe8 46. Nd4 Qd8 47. Qf2 Bh6 48. Bd6
Nxf4 49. Bb7 Rb8 50. Nc6 Nxd3 51. Qh2 Bf4 52. Nxd8 1-0